| 000 | 00409nam a2200133 4500 | ||
|---|---|---|---|
| 999 |
_c507349 _d507349 |
||
| 008 | 190211b ||||| |||| 00| 0 eng d | ||
| 100 |
_aPalanithurai, G. _91449 |
||
| 245 | _aCritical analysis of the functioning of ombudsman in Tamil Nadu | ||
| 260 | _c2018 | ||
| 300 | _ap.71-77. | ||
| 773 | _aSouth Asian Journal of Socio-Political Studies | ||
| 906 | _aOmbudsman - India - Tamil Nadu | ||
| 942 |
_2ddc _cAR |
||